| 000 | 00616nam a2200217 a 4500 | ||
|---|---|---|---|
| 001 | 46865 | ||
| 003 | BD-RjUL | ||
| 005 | 20211209054224.0 | ||
| 008 | 160804s1980 - ||||| |||| 001 0 eng d | ||
| 035 | _a(BD-RjUL)46984 | ||
| 040 |
_aBD-RjUL _beng _cBD-RjUL |
||
| 041 | _aeng | ||
| 082 |
_223 _a350 _bWIP 1980 |
||
| 100 |
_aWilliams, J. D. _9142777 |
||
| 245 |
_aPublic administration : _bthe people's business / _cJ D Williams |
||
| 260 |
_aBoston : _bLittle, Brown, _c©1980. |
||
| 300 |
_axx, 585 p. : _bill. ; _c24 cm |
||
| 500 | _aInclude index | ||
| 650 |
_aPublic administration. _9142778 |
||
| 942 |
_2ddc _cBK |
||
| 999 |
_c46865 _d46865 |
||